Winning Countries of the FIFAe World Cup - Statistics

General Stats
  • This quiz has been taken 52 times
    28 since last reset
  • The average score is 10 of 16
Answer Stats
Year Host Country Winning Country % Correct
2004 Switzerland Brazil
96%
2010 Spain United States
78%
2017 England England
74%
2005 England England
74%
2013 Spain France
74%
2009 Spain France
74%
2022 Denmark Germany
74%
2019 England Germany
74%
2012 United Arab Emirates Spain
74%
2008 Germany Spain
74%
2011 United States Portugal
70%
2006 Netherlands Netherlands
52%
2016 United States Denmark
39%
2014 Brazil Denmark
39%
2018 England Saudi Arabia
9%
2015 Germany Saudi Arabia
9%
No matching quizzes found
Score Distribution
Percent of People with Each Score
Percentile by Number Answered
Your Score History
You have not taken this quiz since the last reset